The real number system
Αποθηκεύτηκε σε:
| Κύριος συγγραφέας: | |
|---|---|
| Μορφή: | Βιβλίο |
| Γλώσσα: | English |
| Δημοσίευση: |
New York :
Appleton-Century-Crofts,
c1962
|
| Σειρά: | Appleton-Century monographs in mathematics
|
| Θέματα: | |
| Ετικέτες: |
Προσθήκη ετικέτας
Δεν υπάρχουν, Καταχωρήστε ετικέτα πρώτοι!
|
MARC
| LEADER | 00000cam a2200000 i 4500 | ||
|---|---|---|---|
| 001 | 1/4766 | ||
| 008 | 100222s1962 eng d | ||
| 035 | |l 10106916 | ||
| 040 | |a GR-MY-UA |b gre |e aacr | ||
| 041 | 0 | |a eng | |
| 082 | 0 | |a 512.786 |2 (22) | |
| 100 | 1 | |a Olmsted, John M. H. |q (John Meigs Hubbell), |d 1911-1997. | |
| 245 | 1 | 4 | |a The real number system / |c John M. H. Olmsted |
| 260 | |a New York : |b Appleton-Century-Crofts, |c c1962 | ||
| 300 | |a xii, 216 σ.; |c 24 εκ. | ||
| 490 | 1 | |a Appleton-Century monographs in mathematics | |
| 504 | |a Περιέχει ευρετήριο | ||
| 650 | 0 | 0 | |a Numbers, Real. |
| 830 | 0 | |a Appleton-Century monographs in mathematics | |
| 852 | |a INST |b SAMOS |c MAG |e 20100222 |h 512.786 OLM |p 005300030564 |q 005300030564 |t BK |y 0 | ||
| 901 | |a BIBL3-2010-1 | ||
| 909 | |a Σ |b 161880 | ||
| 970 | |a ΡΟΥΣΣΟΥ |b ΚΩΝΣΤΑΝΤΙΝΑ |z 2010/02/22 | ||